Composición y deformación : el Edificio de Economía de Fernando Martínez Sanabria /

A partir del estudio del Edificio de Economía para la Universidad Nacional de Colombia, se analiza el particular modo de proyectar del arquitecto colombiano de origen español, Fernando Martínez Sanabria. Se considera este inmueble como la síntesis material de la obra de Martínez Sanabria en cuanto a...

Fuld beskrivelse

Guardado en:
Bibliografiske detaljer
Hovedforfatter: Martínez Sanabria, Fernando (arquitecto)
Andre forfattere: Rojas, Plutarco (texto) (texto), Niño Murcia, Carlos (prólogo) (prólogo)
Format: Bog
Sprog:spansk
Udgivet: Bogotá, Colombia : Universidad Piloto de Colombia, 2017, c2017
Fag:
Tags: Tilføj Tag
Ingen Tags, Vær først til at tagge denne postø!

MARC

LEADER 00000nam^a2200000^a^4500
001 000401805
005 20250521000000.0
009 20260526143605.195
020 |a 978-958-8957-55-5 
037 |a Acervo ITESO - Biblioteca 
041 |a ESP 
082 |a 720. 9861  |b MAR ROJ 
100 |a Martínez Sanabria, Fernando  |e (arquitecto) 
245 1 0 |a Composición y deformación :  |b el Edificio de Economía de Fernando Martínez Sanabria /  |c Arquitecto F. Martínez Sanabria ; texto de P. Rojas ; pról. de C. Niño Murcia. 
264 4 |a Bogotá, Colombia :  |b Universidad Piloto de Colombia,  |c 2017, c2017 
300 |a 127 p. 
336 |a texto  |b txt  |2 rdacontenido 
337 |a sin mediación  |b n  |2 rdamedio 
338 |a volumen  |b nc  |2 rdasoporte 
520 |a A partir del estudio del Edificio de Economía para la Universidad Nacional de Colombia, se analiza el particular modo de proyectar del arquitecto colombiano de origen español, Fernando Martínez Sanabria. Se considera este inmueble como la síntesis material de la obra de Martínez Sanabria en cuanto a formas de proyección. 
521 |a FIL 2017 EEnlace Departamento del Hábitat y Desarrollo Urbano 
649 |a XX 
650 |a Arquitectos Colombianos 
650 |a Artistas Colombianos 
650 |a Universidad Nacional de Colombia -  |x Tema Principal 
650 |a Universidades -  |z Bogotá, Colombia -  |x Historia y Crítica 
650 |a Composición Arquitectónica -  |x Tema Principal 
650 |a Diseño Arquitectónico 
650 |a Proyecto Arquitectónico -  |x Tema Principal 
650 |a Arquitectura Moderna -  |z Colombia -  |x Historia y Crítica 
650 |a Arquitectura Colombiana -  |y 1950-1959 
650 |a Arquitectura Colombiana -  |y Siglo XX 
650 |a Arquitectura Colombiana -  |x Historia y Crítica 
650 |a Arte Moderno -  |z Colombia -  |x Historia y Crítica 
650 |a Arte Colombiano -  |y 1950-1959 
650 |a Arte Colombiano -  |y Siglo XX 
650 |a Arte Colombiano -  |x Historia y Crítica 
650 |a Martínez Sanabria, Fernando -  |x Tema Principal 
700 |a Rojas, Plutarco  |e (texto) 
700 |a Niño Murcia, Carlos  |e (prólogo) 
910 |a Fondo General 
920 |a Impresos - Libros 
930 |a Colección General 
905 |a 101 
901 |a 0500297131  |b IT1  |c ACC  |i c157097  |u 20250521 
902 |a https://opac.biblio.iteso.mx/vufind/Record/000401805